|
|
|
|
| LEADER |
00000cam a2200000 7i4500 |
| 001 |
0000022661 |
| 005 |
20100309.0 |
| 008 |
100309 at a e eng |
| 020 |
|
|
|a 9781418016128
|
| 040 |
|
|
|a INS
|
| 090 |
0 |
0 |
|a CD 380
|
| 100 |
1 |
|
|a Beckmann, Patricia
|
| 245 |
1 |
0 |
|a Exploring 3D modeling with maya 7 [
|h electronic resources]
|c Patricia Beckmann,Scott Wells
|
| 250 |
|
|
|a 2nd ed.
|
| 260 |
|
|
|a Australia :
|b Thomson ,
|c 2007
|
| 300 |
|
|
|a 1 computer optical dics :
|b col., ill. ;
|c 4 3/4 in.
|
| 440 |
|
0 |
|a Design exploring series
|
| 500 |
|
|
|a Includes index
|
| 650 |
0 |
0 |
|a Computer animation
|
| 650 |
0 |
0 |
|a Maya (Computer file)
|
| 650 |
0 |
0 |
|a Three-dimensional display systems
|
| 700 |
1 |
|
|a Wells, Scott
|
| 999 |
|
|
|a CD00000380
|b CD-ROM
|c Media Collection
|e Default branch
|